000 00494nam a2200193 a 4500
001 1771297337186
003 YourLibrary
005 20260217083536.0
008 260217s2001##################000#0#eng##
020 _a9780719572074
082 0 4 _a330
_bNUT
100 1 _aNuttall, Chris,
_eauthor.
245 1 0 _aSuccess in Economics :
260 _bJohn Murray Publishers,
_c2001.
300 _a484 pages
650 0 _aEconomics.
942 _cENGLISH
040 _aYourLibrary
_beng
_cYourLibrary
999 _c612825
_d612825